| 000 | 00419nam a2200169Ia 4500 | ||
|---|---|---|---|
| 008 | 230524s9999 xx 000 0 und d | ||
| 020 | _a8121905206 | ||
| 082 |
_a620.1 _bKHU |
||
| 100 | _aR.S.Khurmi | ||
| 245 | 0 | _a"Theory of Structures, Revised ed. (SI Units)" | |
| 250 | _a1 | ||
| 260 |
_aNew Delhi _bS.Chand _c2011 |
||
| 300 | _a"xx,702p;" | ||
| 500 | _aQuantity Number: 2 | ||
| 650 | _aMechanics | ||
| 942 | _cBK | ||
| 999 |
_c52072 _d52072 |
||